| 000 | 01086cam a2200253 i 4500 | ||
|---|---|---|---|
| 005 | 20260423113731.0 | ||
| 008 | 130603s2013 enk b 000 0 eng | ||
| 020 | _a9780199330850 (pbk) | ||
| 082 | _a330.122 WAL | ||
| 100 | 1 | _aWallerstein, Immanuel Maurice | |
| 245 | 1 | 0 |
_aDoes capitalism have a future? / _cImmanuel Wallerstein, et al. |
| 264 | 1 |
_aNew York : _bOxford University Press, _c2013 |
|
| 300 |
_a192 p. ; _c24 cm |
||
| 365 | _bRs. 2002.00 | ||
| 505 | 8 | _aMachine generated contents note: -- THE NEXT BIG TURN -- STRUCTURAL CRISIS, OR WHY CAPITALISTS MAY NO LONGER FIND CAPITALISM REWARDING -- TECHNOLOGICAL DISPLACEMENT OF MIDDLE-CLASS WORK AND THE LONG-TERM CRISIS OF CAPITALISM: NO MORE ESCAPES -- THE END MAY BE NIGH, BUT FOR WHOM? -- WHAT COMMUNISM WAS -- WHAT THREATENS CAPITALISM NOW? -- GETTING REAL. | |
| 650 | 0 | _aCapitalism. | |
| 650 | 0 | _aMiddle class. | |
| 650 | 0 |
_aTechnological innovations _xForecasting. |
|
| 700 | _aCollins, Randall | ||
| 700 | _aMann, Michael | ||
| 700 | _aDerluguian, Georgi | ||
| 700 | _aCalhoun, Craig | ||
| 942 |
_2ddc _cBK |
||
| 999 |
_c112549 _d112549 |
||